| 000 | 00604 a2200169 4500 | ||
|---|---|---|---|
| 003 | NUST | ||
| 038 | _aazhar | ||
| 082 | _aBICSE-2 | ||
| 100 |
_aIftikhar Rasheed _992190 |
||
| 245 |
_aHardware Test Bed for OFDM Transceiver [Project BICSE2] _cIftikhar Rasheed |
||
| 260 |
_a Islamabad, _bNUST School of Electrical Engineering & Computer Science, _c2008. |
||
| 300 |
_a52 p. _b: ill. _c; 27 cm. + _eCD-ROM |
||
| 500 | _aSupervisors : Aamir Jelani, Wg. Cdr. (R) Muhammad Ramzan. | ||
| 700 |
_aUsama Abrar _992191 |
||
| 856 | _uhttp://10.250.8.41:8080/xmlui/handle/123456789/8520 | ||
| 942 |
_cPR _kBICSE-2 IFT _2ddc |
||
| 999 |
_c9146 _d9146 |
||